[Event "Tata Steel-A 79th"]
[Site "Wijk aan Zee"]
[Date "2017.01.29"]
[Round "13"]
[White "Rapport, Richard"]
[Black "Adhiban, Baskaran"]
[Result "0-1"]
[WhiteElo "2702"]
[BlackElo "2653"]
[Annotator "Adhiban,B"]
[PlyCount "78"]
[EventDate "2017.01.14"]
[EventType "tourn"]
[EventRounds "13"]
[EventCountry "NED"]
[EventCategory "21"]
[SourceTitle "CBM 177"]
[Source "ChessBase"]
[SourceDate "2017.03.16"]
[SourceVersion "1"]
[SourceVersionDate "2017.03.16"]
[SourceQuality "1"]

{The final showdown... and it was for the spot of who was the crowd's
favourite :) !} 1. d4 Nf6 2. Bg5 c5 3. Nc3 {Predicting the unpredictable! Me
and my friend managed to guess that he could actually go here which was
already a great feat given Rapport's track record!} cxd4 4. Qxd4 Nc6 5. Qh4 e6
6. O-O-O Be7 7. e4 a6 8. Nf3 (8. f4 $5 b5 9. e5 (9. a3 Qa5 10. e5 Bxa3 11. exf6
Qxc3 12. bxa3 Na5 $1 13. Kb1 Nb3 {with a funny draw.}) 9... b4 {Black is just
in time to create sufficient counterplay on the queenside.} 10. exf6 gxf6 11.
Ne4 fxg5 12. fxg5 Qa5 13. Kb1 Bb7 {was one of the lines in my prep.}) (8. Qg3
Qa5 9. f4 b5 10. e5 b4 11. exf6 gxf6 {with a complex fight.}) 8... Qc7 9. Bd3 (
9. Qg3 Qxg3 10. hxg3 Ng4 $1 11. Bxe7 Kxe7 12. Rd2 b5 {with a comfortable
endgame.}) 9... d6 (9... b5 10. Rhe1 $5 {is the accurate refutation.} (10. e5 {
is something Rapport would love to play!} Nxe5 11. Nxe5 Qxe5 12. Rhe1 Qc5 $1 {
White doesn't have enough compensation.} (12... Qc7 13. Ne4 $1 Nd5 14. Bxe7 (
14. Bxb5 f6 $1 {will lead to material losses for White.}) 14... Nxe7 15. Qg4 {
with compensation.} (15. Bxb5 {fails to} Ng6 $1))) 10... d6 11. Nd5 $1 {
transposes to the comments on 10...b5.}) 10. Rhe1 Bd7 {Preparing to castle
long.} (10... b5 {is the typical plan but here since I was planning to castle
long, I decided to be a bit restrained about pushing the queenside pawns and
also it has a concrete refutation with} 11. Nd5 $1 exd5 12. exd5 Ne5 (12...
Nxd5 13. Be4 Ncb4 (13... Nf6 14. Bxf6 gxf6 15. Bxc6+ Qxc6 16. Qxf6 {winning.})
14. a3 {getting back the piece with a winning advantage.}) 13. Nxe5 dxe5 14. d6
$1 Qxd6 (14... Bxd6 15. Bxf6 gxf6 16. Qxf6 Rf8 17. Be4 {winning.} (17. Bxb5+
axb5 18. Rxd6 Be6)) 15. Bxb5+ axb5 16. Rxd6 Bxd6 17. Bxf6 gxf6 18. Qxf6 {
winning.}) 11. e5 {Typical aggressive play by Rapport!} (11. Nd5 exd5 12. exd5
Ne5 13. Nxe5 dxe5 14. d6 Qxd6 $1 ({Also possible is} 14... Bxd6 15. Bxf6 gxf6
16. Qxf6 Rf8 17. Bxh7 Be6 {beating off the attack.}) 15. Bb5 Qxd1+ 16. Rxd1
Bxb5 {with too much material for the queen.}) (11. Qg3 Nh5 $5 (11... O-O-O $5)
12. Qh3 Nf6 {would seriously cut into White's plans.}) 11... dxe5 (11... Nxe5
12. Nxe5 dxe5 {I wonder what was Rapport's intention here} 13. f4 $1 (13. Ne4 {
falls into} O-O-O $1 ({The natural} 13... Nd5 {allows} 14. Bxe7 (14. Bc4 {
is bad:} f6 $1 {is winning, as White can't get his attack going.} ({but} 14...
Bxg5+ {would be dubious:} 15. Qxg5 {with a dangerous attack.})) 14... Nxe7 15.
Qh5 $1 {with compensation.}) 14. Nxf6 h6 $1 {is a very pretty refutation with
a clear extra pawn.}) 13... exf4 14. Bxf4 Qa5 15. Re5 Qb6 16. Qg3 {with
energetic play for the pawn.}) 12. Ne4 Nd5 $1 ({Also possible was} 12... Nxe4
$5 13. Bxe4 f6 14. Qh5+ Kf8 15. Bd2 Be8 {[%cal Ge8f7] But here White has more
compensation than in the game continuation.}) 13. Bxe7 Ncxe7 (13... Ndxe7 14.
Nc5 {with sufficient compensation.} (14. Neg5 f6 {is bad for White.}) (14. Qh5
{is another decent option with compensation.})) 14. Ng3 f6 $1 {Maintaining the
pawn mass in the centre.} 15. Nh5 O-O-O ({A move which also looked totally
fine was} 15... Kf7 {Where is the attack :) ?}) 16. Nxg7 Ng6 {I didn't bother
too much with h5 since this looked very convincing.} ({It was possible to try
to trap the knight.} 16... h5 $5) 17. Qc4 {Rapport generally is not a big fan
of exchanging queens, hence it is already a sign that his position is very
difficult.} (17. Qh6 Ngf4 {with too many loose pieces, hence Black has a clear
advantage.} (17... f5 18. Ng5 {White is holding.} ({The tempting} 18. Bxf5 {
is refuted by} exf5 19. Rxd5 Ba4 20. Rxd8+ Rxd8 21. b3 (21. c3 Nf4 {with a
terrific concentration of attack on the light squares.}) 21... Qc3 $1 22. Kb1
e4 {winning.}))) 17... Ngf4 18. Qxc7+ Nxc7 19. g4 Bc6 20. Be4 {Here I decided
to repeat the position with different patterns and make the time control :).}
Rxd1+ (20... Bxe4 21. Rxe4 Rhg8 22. Nh5 Nxh5 23. gxh5 Rg2 {was one clearcut
way to get a advantage.}) 21. Kxd1 Ng2 22. Re2 Nf4 23. Re1 Ng2 24. Re2 Rd8+ 25.
Nd2 Nf4 26. Bxc6 $5 {My opponent decided that he had seen enough :).} (26. Re1
Bxe4 27. Rxe4 Rg8 28. Nh5 Nxh5 29. gxh5 Nd5 {with a clearly superior endgame.}
(29... Rg2 $5 30. f4 exf4 31. Rxf4 f5)) 26... Nxe2 27. Bxb7+ Kxb7 28. Kxe2 Rg8
29. Nh5 Rg6 $1 (29... Rxg4 30. Nxf6 {is fine for White.}) (29... f5 {was my
original intention but runs into} 30. gxf5 exf5 31. Nc4 {Suddenly it is not at
all easy to defend against the dual threat on e5 and f5.}) 30. Kf3 (30. c4 $5
f5 {Now that the c4-square has been taken, this becomes possible.}) (30. Nc4
Nd5 {is ideal for Black.}) 30... f5 {Getting the pawns rolling.} 31. gxf5 exf5
32. Ng3 e4+ $1 (32... Rg4 {was another possibility maintaining the central
pawn mass, but then the rook would be reduced to a passive role.}) 33. Kf4 ({
A more stubborn way was} 33. Ke2 Rf6 34. Nc4 Kc6 {though eventually Black
should be able to convert his material superiority.}) 33... Nd5+ 34. Kxf5 e3
35. fxe3 Nxe3+ 36. Ke5 (36. Ke4 {was the safest square for the king from away
any knight forks.}) 36... Nxc2 37. Nde4 Rh6 $1 {Gaining a important temp,
attacking the h2-pawn and making the g3-knight passive.} 38. Nf1 Nb4 39. Nf6
Nxa2 {And I had finished with an amazing +2 in such a strong field and some
more favourable results followed, allowing me to finish a credible 3rd place
in the Tata Steel Masters! A debut to be proud of!} 0-1

[Event "Pamplona"]
[Site "Pamplona"]
[Date "2000.01.05"]
[Round "9"]
[White "De la Villa Garcia, Jesus Maria"]
[Black "Polgar, Judit"]
[Result "1/2-1/2"]
[WhiteElo "2473"]
[BlackElo "2671"]
[Annotator "Alterman,B"]
[PlyCount "56"]
[EventDate "1999.12.27"]
[EventType "tourn"]
[EventRounds "9"]
[EventCountry "ESP"]
[EventCategory "15"]
[SourceTitle "CBM 075"]
[Source "ChessBase"]
[SourceDate "2000.04.05"]
[SourceVersion "1"]
[SourceVersionDate "2000.04.05"]
[SourceQuality "1"]

1. d4 Nf6 2. Bg5 Ne4 3. Bf4 c5 4. f3 Qa5+ 5. c3 Nf6 6. Nd2 cxd4 7. Nb3 Qd8 (
7... Qh5 8. cxd4 d5 9. g4 Qh4+ 10. Bg3 Qh6 11. h4 Nfd7 12. Rc1 Na6 13. Nh3 Qb6
14. e3 e6 15. a3 Be7 16. Bd3 Nf8 17. Rc3 Bd7 18. Qc1 Bb5 19. Bb1 Nd7 20. Nf4
Bd6 21. Kf2 Ba4 22. Nd2 {Salov,V-Polgar,J/Madrid 1995/CBM 47/[Stohl]/1-0 (85)})
8. cxd4 g6 (8... d5 9. e3 e6 10. Rc1 Nc6 11. Bb5 Bd7 12. Ne2 Bb4+ 13. Kf2 Qb6
14. Bd3 O-O 15. g4 Rfe8 16. a3 Bf8 17. Bg5 Qd8 18. h4 e5 19. Nc3 Be6 20. dxe5
Nxe5 21. Bb5 Nc6 22. Nd4 Rc8 23. Qa4 {Hodgson,J-Babula,V/Delmenhorst GER 2000/
The Week in Chess 272/0-1 (44)}) 9. e4 Bg7 10. Ne2 $146 (10. Bd3 O-O 11. Ne2 d6
12. Be3 (12. O-O Nc6 13. Be3 b6 14. Rc1 Bb7 15. Bb5 Rc8 16. d5 Ne5 17. Ned4
Rxc1 18. Qxc1 Qb8 19. Rf2 Rc8 20. Rc2 Rxc2 21. Qxc2 $16 {Adams,M-Georgiev,K/
Las Palmas 1993/CBM 36/[Schussler]/1-0 (63)}) 12... Nc6 13. Qd2 a5 14. Rc1 a4
15. Na1 d5 16. e5 Nd7 17. h4 Qa5 18. h5 Qxd2+ 19. Kxd2 Nb6 20. h6 Bh8 21. Rc5
f6 22. f4 {1/2-1/2 Mikhalevski,V-Avrukh,B/Beersheba 1996/CBM 53 (43)}) 10...
O-O 11. Nc3 d6 12. Be2 a6 13. O-O b5 14. a3 Nbd7 15. Qd2 Bb7 16. Be3 e6 17. Na2
Rb8 18. Na5 (18. Rac1 $5) 18... Ba8 19. Rac1 Qb6 20. Rc2 (20. b4 $1 {[%mdl 48]
Much stronger was to fix the pawn structure, after} Rfc8 21. Nc3 d5 22. e5 Ne8
23. Nb3 $16 {[%csl Ra8,Gc5,Rg7] White has a clear advantage.}) 20... Rfc8 21.
Rfc1 Rxc2 22. Rxc2 d5 23. e5 Ne8 24. Nc1 Bf8 25. Nd3 Qd8 26. Bg5 (26. b4 $5 Nb6
27. Nc5 Qc8 $14) 26... Qb6 27. Be3 Qd8 28. Bg5 Qb6 1/2-1/2

[Event "EU-chT (Men) 12th"]
[Site "Batumi"]
[Date "1999.12.07"]
[Round "9.1"]
[White "Orr, Mark JL"]
[Black "Lanka, Zigurds"]
[Result "0-1"]
[WhiteElo "2350"]
[BlackElo "2504"]
[Annotator "Alterman,B"]
[PlyCount "329"]
[EventDate "1999.11.06"]
[EventType "team-swiss"]
[EventRounds "9"]
[EventCountry "GEO"]
[SourceTitle "CBM 074"]
[Source "ChessBase"]
[SourceDate "2000.02.01"]
[SourceVersion "1"]
[SourceVersionDate "2000.02.01"]
[SourceQuality "1"]
[WhiteTeam "Ireland"]
[BlackTeam "Latvia"]
[WhiteTeamCountry "IRL"]
[BlackTeamCountry "LAT"]

1. d4 Nf6 2. Bg5 Ne4 3. Bf4 c5 4. f3 Nf6 5. d5 g6 6. Nc3 (6. c4 Bg7 7. Nc3 O-O
8. e4 d6 9. Bd3 a6 10. Nge2 e5 11. Bg5 h6 12. Be3 $14 {0-1 Viladiu,J-Campos
Moreno,J/L'Hospitalet de l'Infant 1993 (56)}) (6. e4 Bg7 7. Nc3 (7. Qc1 O-O 8.
Nc3 e6 9. dxe6 dxe6 10. Bc4 Nc6 11. a3 Nd7 12. Nge2 Nde5 13. Ba2 b6 14. O-O Ba6
15. Rd1 Qe7 $11 {0-1 Trajkovic-Panzalovic,S/Novi Sad 1989 (34)}) (7. c3 O-O 8.
Qd2 (8. Bd3 d6 9. Qc2 Nbd7 10. Nd2 a6 11. a4 b6 12. Ne2 Nh5 13. Be3 Ne5 $11 {
0-1 Nielsen,H-Damgaard,S/Politiken Cup, Copenhagen DEN 1998 (43)}) 8... d6 $132
(8... a6 $6 9. h4 h5 10. e5 Nh7 11. g4 d6 12. gxh5 gxh5 13. Bh6 $16 (13. Bd3
$40 {1-0 Bellon Lopez,J-Lopez Colon,F/ESP-chT ,EXT 1995 (27)}))) 7... O-O (7...
a6 8. a4 O-O 9. Qd2 e6 10. Bd6 Re8 11. dxe6 dxe6 12. Bxc5 Qxd2+ 13. Kxd2 Nc6
14. Rd1 Bd7 15. Bd3 b5 16. axb5 axb5 17. Bxb5 Ne5 18. Bd4 $16 {1-0 Klaric,
Z-Zarrouati,P/Toulouse ,EXT 1990 (40)}) 8. Nh3 d6 9. Nf2 Na6 10. Qd2 Nc7 11. a4
b6 12. Be2 a6 13. O-O Rb8 14. Bh6 b5 $11 {0-1 Adams,M-Khalifman,A/Dos Hermanas
ESP 1993 (70)}) 6... a6 (6... d6 7. e4 Bg7 8. Qd2 O-O 9. Bh6 (9. Nge2 a6 $5 (
9... Na6 $6 10. Ng3 Nc7 (10... Re8 11. Bh6 Bh8 12. h4 Nc7 13. h5 e6 14. hxg6
hxg6 15. dxe6 Bxe6 16. Bg5 $16) 11. Bh6 Rb8 12. h4 b5 13. h5 b4 14. Nce2 $16 {
0-1 Ruggieri Oliviero-Iannacone,E/Italy tt 1994 (51)})) 9... e6 (9... a6 10.
Bxg7 Kxg7 11. Nge2 b5 12. Nf4 Nbd7 13. h4 h5 14. a4 b4 15. Nd1 Ne5 16. Ne3 a5
17. Nd3 Ned7 18. Nf2 Nb6 19. g4 e6 20. g5 Ng8 21. f4 exd5 22. Nxd5 Bb7 23. Nxb6
Qxb6 24. O-O-O Rad8 25. f5 d5 26. f6+ Kh7 27. Qe3 dxe4 28. Bg2 Rd4 29. Bxe4
Rfd8 30. Rxd4 cxd4 31. Qb3 Rd7 32. Re1 d3 33. Nxd3 Bxe4 34. Rxe4 Qg1+ 35. Re1
Qd4 36. Kb1 Nxf6 37. gxf6 Qxf6 38. Re4 Qf3 39. Rf4 Qh1+ 40. Ka2 f5 41. Ne5 Rg7
42. Nf3 Qd1 43. Rd4 Qh1 44. Rd8 {1-0 Kamsky,G-Polgar,J/Monaco Amber blind 1994
(44)}) (9... Bxh6 10. Qxh6 e6 11. O-O-O exd5 12. exd5 Re8 13. Nge2 a6 14. Ng3
b5 15. Nce4 Nxe4 16. Nxe4 f5 (16... Ra7 17. Qf4 f5 18. Qxd6 fxe4 19. Qxb8 $16)
17. Ng5 Qd7 (17... Qe7 18. Bxb5 $1 $16 {1-0 Adams,M-Georgiev,K/Elenite 1993/ 
(21)}) 18. g4 Qg7 19. Qh4 $132) 10. O-O-O exd5 11. exd5 Re8 $14 (11... b5 $2
12. Bxb5 Qb6 13. h4 Ba6 14. Ba4 Nbd7 15. Bxd7 Nxd7 16. Bxg7 Kxg7 17. h5 $16 {
1-0 Alburt-Gudmundsson/Reykjavik 1984 (39)})) 7. e4 d6 8. a4 Bg7 9. Qd2 O-O (
9... Qa5 $143 10. Ra2 O-O 11. Nge2 Nbd7 12. Nc1 Ne5 13. Nb3 Qc7 14. Bxe5 dxe5
15. Qe3 Nd7 16. a5 $14 {1/2-1/2 Lukasiewicz-Lanka/European club ch 1993 (28)})
10. Bh6 Bxh6 11. Qxh6 e5 $1 $11 (11... Nbd7 12. Nh3 Ne5 13. Nf2 $14) 12. g3 (
12. dxe6 Bxe6 13. O-O-O Nc6 14. Qd2 Ne8 15. h4 $132) 12... Kh8 13. Bh3 Ng8 14.
Qd2 f5 $1 {Lanka wants to keep on a board more pieces - it is necessary to win.
..} (14... Bxh3 15. Nxh3 $132) 15. exf5 (15. Bg2 Nd7 $15) 15... gxf5 16. Nge2
$11 Nd7 (16... Nf6 17. O-O {[%csl Rf5][%cal Gb8d7]}) 17. O-O Rb8 (17... Qf6 18.
f4 e4 $11) 18. f4 e4 19. Nd1 Qf6 20. Ne3 Ne7 {[%csl Gf5]} (20... Qxb2 21. Bxf5
$16) 21. b3 (21. c3 $132 {Taking into account some advantage white in space,
it is not simplly for black to put into practice the active schedule connected
for example with promoting of a pawn "h"}) 21... b6 22. c4 Qg7 23. Rab1 {
[%cal Gb3b4]} (23. a5 b5 $132) 23... a5 $5 {To prevent b3-b4} 24. Nc3 Nf6 25.
Nb5 Ne8 26. Rf2 Bd7 27. Nc3 Nf6 28. Bf1 (28. Kf1 $5 {[%cal Gf1e2,Ge2d1,Gd1c2]})
28... Ng6 29. Be2 Rf7 30. Kf1 Kg8 31. Ke1 Kf8 32. Kd1 Ke7 33. Kc2 Rbf8 (33...
Rh8 {[%cal Gh7h5]}) 34. Rg2 Kd8 35. Rbg1 Ne8 36. Ncd1 (36. h3 $11) 36... Nc7
37. Qc3 Qh6 {Without piece changing!} 38. Kb1 Na6 39. Nc2 Ne7 40. Nde3 Rf6 41.
Qd2 Be8 42. Qd1 Rg6 43. Ka2 Bd7 44. Qa1 Rfg8 45. Qd1 Qf8 46. Qa1 Rh6 {These
manoeuvres will take a lot of time} 47. Qd1 Rh3 48. Nf1 Be8 49. Nfe3 Qh6 50.
Rh1 Bf7 51. Qe1 Bh5 {Black decides to change the bishops} 52. Bxh5 Qxh5 53. Nf1
(53. Qd1 $11) 53... Qf7 54. Qc3 Ng6 55. Qd2 Nf8 56. Nfe3 Nd7 57. Rhg1 Kc7 58.
Qe2 Rg6 59. Qd2 Rgh6 60. Qe2 R6h5 {[%csl Rh2][%cal Gf7g6,Gg6h6]} 61. Qd2 Qf6
62. Rf2 Qg6 63. Rgg2 Nf6 64. Qe2 Qe8 65. Qd2 Qd7 66. Qe2 Kb7 67. Qd2 Rh6 68.
Qe2 Rg6 69. Rg1 Ng4 {One more exchange. Draw?} 70. Nxg4 Rxg4 71. Qf1 Rh6 72.
Qa1 Rg8 73. Qc3 Rhg6 74. Rfg2 Qc8 75. Kb2 R8g7 76. Qe3 Qe8 77. Qc3 Rg8 78. Qe3
Qf8 79. Qc3 Qh6 80. Qe3 Qh3 81. Kc1 Kc7 82. Kb2 Kd7 83. Kc1 Qh6 84. Qc3 Qf8 85.
Kb2 Rg4 86. Ne3 R4g6 87. Nc2 h5 88. h4 {For a long time it was possible to
receive this position} Nb4 89. Nxb4 $2 $15 (89. Ne1 $1 $11) 89... axb4 90. Qe3
R8g7 91. Kc2 Qg8 92. Kd1 Rg4 {[%csl Rh4][%cal Gg4h4]} 93. Qf2 R7g6 94. Kc1 Ke7
95. Kb1 Kf7 96. Kc1 Kg7 97. Kb1 Kh6 98. Kc1 Kh7 {The king has returned to
"native places"} 99. Kb1 Rg7 100. Kc1 Qh8 101. Kb1 Kh6 102. Qb2 R4g6 103. Kc1
Qe8 104. Qc2 Rg8 105. Kb1 R6g7 106. Kc1 Qg6 107. Qe2 (107. Qb2 Qg4 108. Rf2 Kh7
(108... Qh3 109. Rh2 Qg4 110. Rf2) 109. Qd2 Qh3 110. Qe2 {[%cal Ge2h5]}) 107...
Re7 108. Qe3 Qf6 109. Kd2 (109. Kc2 b5 $1 110. cxb5 (110. axb5 Ra8 $19) 110...
Qd4 111. Re2 (111. Qxd4 cxd4 112. Kd1 Rc8 (112... d3 113. Kd2 Rc8 114. Ke3 $132
) 113. Ra2 (113. Rc2 Rc3 $17) 113... Rc3 114. a5 d3 115. a6 e3 116. b6 (116. a7
Rxb3 $19) 116... Rxb3 117. Ra1 Rb2 118. a7 e2+ 119. Kc1 Rc2+ 120. Kb1 e1=Q+ $19
) 111... Qxd5 $17) 109... Qb2+ 110. Ke1 Qh8 111. Kf2 Reg7 112. Kf1 Rg4 113. Kf2
Rc8 {[%cal Gb6b5]} 114. Rd1 Qg7 115. Re1 Rg8 116. Reg1 Kh7 (116... Qb2+ 117.
Kf1 Qd4 118. Kf2 $15) 117. Kf1 (117. Qd2 b5 $5 (117... Re8 118. Re1) (117...
Qd4+ 118. Qe3 b5 119. axb5 Ra8 120. Re1 Rgg8 121. Kf1 Ra3 122. Rge2 Rga8 $44)
118. cxb5 c4 119. bxc4 Qa7+ 120. Qe3 Qxa4 $17) 117... b5 $1 {Long made
dispositions breakthrough} 118. axb5 (118. cxb5 c4 $1 (118... Qa1+ 119. Kf2
Qb2+ 120. Kf1 Qb1+ $11 (120... Qa3 121. Re2 c4 122. bxc4 Rxg3 123. Rxg3 Rxg3
124. Qxa3 bxa3 $18) (120... Qd4 121. Qxd4 (121. Re2 Qxd5 $17) 121... cxd4 122.
a5 Ra8 123. Ra2 $16)) 119. bxc4 Qa1+ 120. Kf2 Qxa4 121. Rc1 b3 122. Qe2 Qa3 {
[%csl Rg3][%cal Gb3b2]} 123. Rc3 Ra8 124. Qe1 Qb4 125. Rc1 Ra2+ 126. Kg1 b2
127. Rb1 Qxe1+ 128. Rxe1 Ra1 $19) 118... Ra8 119. Re2 Ra1+ 120. Re1 Ra3 121.
Rg2 Qf6 122. Kg1 Rg8 123. Kh2 Rga8 124. Rc2 Qg7 125. Ree2 Kg8 126. Re1 Kf7 127.
Ree2 Ke7 128. Re1 Kd7 129. Ree2 Kc7 130. Re1 Kb6 {The king has blocked a pawn.
What is farther?} 131. Ree2 Qd4 132. Rcd2 (132. Qxd4 cxd4 $19) 132... Qc3 133.
Rb2 Qg7 134. Rb1 (134. Rbc2 Qg4 135. Rf2 Qd1 136. Rfd2 Qf1 137. Rf2 Qa1 138.
Rc1 Qd4 139. Re2 Ra2 $17) 134... Ra2 135. Kg2 Rxe2+ 136. Qxe2 Qc3 137. Kh3 Rg8
138. Rg1 Qh8 (138... Qxb3 139. Qxh5 Qxc4 140. Qxf5 Qd4 141. Rg2 $132) 139. Rb1
Ra8 140. Qb2 Qd4 141. Qe2 Qh8 142. Qb2 Qc3 $4 {Passing abroad of permissible
risk} 143. Qxc3 $18 (143. Qe2 $2 Rg8 144. Qe1 Qf3 145. Kh2) 143... bxc3 144.
Rc1 Ra2 145. Rxc3 Ka5 146. Re3 Rb2 147. g4 $1 hxg4+ 148. Kg3 Rb1 149. Kg2 Ra1
150. h5 Kb4 151. h6 $4 (151. Kh2 Ra8 (151... Ra2+ 152. Kg3 Ra1 153. Kh4 $16)
152. Kg3 Ra1 153. Kh4 $18) 151... Ra8 $4 $18 (151... Ra7 152. Kg3 Rh7 153. Kh4
Rxh6+ 154. Kg5 {like in the game}) 152. Kg3 $4 $11 (152. b6 Ka5 153. b7 Rh8
154. Kg3 Kb6 155. Kh4 Rxh6+ (155... Kxb7 156. Kg5 $18) 156. Kg5 Rh8 157. Kxf5
$18) 152... Rh8 153. Kh4 Rxh6+ 154. Kg5 Rh8 155. Kxf5 Rg8 156. Rg3 $4 $19 (156.
b6 $1 g3 157. b7 g2 158. Re1 (158. Rg3 Rxg3 159. b8=Q+ Kc3 $19) 158... e3 (
158... Kxb3 159. Kxe4 Kxc4 160. Rc1+ Kb3 161. Rg1 Rb8 162. Rxg2 Rxb7 163. Kf5
$11) 159. Ke4 (159. Ke6 Rb8 160. f5 e2 (160... Rxb7 161. f6) 161. f6 (161. Kxd6
Rxb7 162. f6 Rh7 $19) 161... Kc3 162. Rg1 Rxb7 163. f7 Rb8 164. Kxd6 Kxb3 165.
Kxc5 Rf8 166. Kd4 Rxf7 $19 167. Rb1+ Kc2 168. Rg1 Rg7 169. Ke3 Re7+ 170. Kf2
e1=Q+ 171. Rxe1 Rxe1 172. Kxg2 Kd3 $19) 159... e2 160. Kd3 Rb8 161. Kxe2 Rxb7
162. Kf2 Rg7 163. Rb1 Kc3 164. f5 Kc2 165. Rg1 $11) 156... e3 157. Rxe3 (157.
b6 e2 158. Rg1 Kxb3 $19) 157... g3 158. Re1 Kxb3 159. Rc1 g2 160. Ke6 g1=Q 161.
Rxg1 Rxg1 162. Kxd6 Kxc4 163. b6 (163. Kc6 Rg8 $1 (163... Rb1 $2 164. d6 Rxb5
165. d7 Rb8 166. Kc7 Rf8 167. d8=Q Rxd8 168. Kxd8 Kd5 169. Ke7 Ke4 170. Ke6 $1
$11 {Reti}) 164. d6 Kb4 $19) 163... Rg6+ 164. Kc7 Kxd5 165. b7 0-1